| Tag |
First Indicator |
Second Indicator |
Subfields |
| LEADER |
00000cam a2200000 4500 |
| 001 |
in00000075208 |
| 005 |
20151008060352.0 |
| 008 |
730810s1947 nyu 00010 eng u |
| 010 |
|
|
|a 47004613
|
| 035 |
|
|
|a (OCoLC)00675811
|
| 035 |
|
|
|9 AAJ5613AM
|
| 040 |
|
|
|c CSU
|d m.c.
|d TXA
|d UtOrBLW
|
| 049 |
|
|
|a TXAM
|c 1 [408539], 2 [904789]
|
| 050 |
0 |
0 |
|a BL310
|b .B82 1947
|
| 100 |
1 |
|
|a Bulfinch, Thomas,
|d 1796-1867.
|
| 245 |
1 |
0 |
|a Bulfinch's mythology :
|b The age of fable, The age of chivalry. Legends of Charlemagne /
|c with dictionary index. Illus. by Elinore Blaisdell.
|
| 264 |
|
1 |
|a New York :
|b T. Y. Crowell Co.,
|c [1947]
|
| 300 |
|
|
|a xv,957p :
|b col.plates,map. ;
|c 22cm.
|
| 336 |
|
|
|a text
|b txt
|2 rdacontent
|
| 337 |
|
|
|a unmediated
|b n
|2 rdamedia
|
| 338 |
|
|
|a volume
|b nc
|2 rdacarrier
|
| 600 |
0 |
0 |
|a Charlemagne,
|c Emperor,
|d 742-814
|x Romances.
|
| 650 |
|
0 |
|a Mythology.
|
| 650 |
|
0 |
|a Chivalry.
|
| 650 |
|
0 |
|a Folklore
|z Europe.
|
| 700 |
1 |
|
|a Blaisdell, Elinore,
|d 1904-1994.
|
| 740 |
0 |
2 |
|a Age of fable.
|
| 740 |
0 |
2 |
|a Age of chivalry.
|
| 740 |
0 |
2 |
|a Legends of Charlemagne.
|
| 999 |
|
|
|a MARS
|
| 999 |
f |
f |
|s fbd134c1-dd35-3cc4-98e4-cb6bed42423a
|i f70086e1-97e1-3042-9dbb-736a3a8f51d5
|t 0
|
| 952 |
f |
f |
|p normal
|a Texas A&M University
|b College Station
|c Sterling C. Evans Library
|d Evans: Library Stacks
|t 0
|e BL310 .B82 1947
|h Library of Congress classification
|i unmediated -- volume
|m A14801735126
|
| 998 |
f |
f |
|a BL310 .B82 1947
|t 0
|l Evans: Library Stacks
|